00385nam a2200145Ia 4500008004100000020001500041040001200056082001300068100000800081245010200089260001400191300001200205942000700217999001500224200103s9999||||xx |||||||||||||| ||und|| a928011302X aIMU-MPC aColumn-5 aIMO 0aBCH Code : code for the construction and equipment of ships carrying dangerous chemicals in bulk. bIMOc1994 aix, 100 cBK c3322d3322